00213nam a2200085Ia 4500008004100000100001400041245003800055260002200093650001200115190216s9999||||xx |||||||||||||| ||und|| aMenon D S 0aMechanics And Statistical Physics bWiley Eastern Ltd aPhysics